00854nam a22002417a 45000010005000000030006000050050017000110080041000280200015000690400029000840500016001130820010001291000022001392450041001612500025002022600051002273000048002785050008003265200204003345210021005385210020005597000033005795256FISKH20241121135053.0241121b cb ||||| |||| 00| 0 eng d a0195852710 aFISKHbengcFISKHdFISKH aPE1126.O941 a428.6 aAlcott, Louisa M. aLittle Women /cby Louisa May Alcott aFirst published 1992 aNew York : bOxford University Press ;c1992 . a57 pages : bcolor illustrations ;c21 cm . aZ  aThe New Oxford Progressive English Readers offer a great selection of classic novels and plays from renowned authors that have been abridged in the form of easy-to-read stories for children to enjoy.8 a1190 bLexile 8 aZ bRaz-Plus  aYung , Choy Maneillustrator